000 00801nam a2200289Ia 4500
005 20260324130226.0
008 008 260324s9999 xx 000 0 eng d
020 _a9781003136392
037 _aEBOOK
040 _aCRL
040 _beng
040 _cCRL
041 _2eng
041 _aeng
084 _qCRL
100 _aGustavo Corni; Jerzy Kochanowski; Rainer Schulze; Tamás Stark; Barbara Stelzl-Marx; Pertti Ahonen
_91180977
245 0 _aPeople on the Move
245 0 _bForced Population Movements in Europe in the Second World War and its Aftermath
260 _bTaylor and Francis
260 _c2008
365 _a
365 _b230
856 _uhttp://www.taylorfrancis.com/books/9781003136392
942 _cEBOOK
999 _c1776966
_d1776966